000 00432nam a2200145Ia 4500
008 220217s9999 xx 000 0 und d
245 0 _aMethods of test for vulcanized rubbers. Part XVIII. Stiffness at low temperature. (Gehman test)
260 _c1976
500 _aStandard number: IS 3400 Part XVIII
650 _aGehman test
650 _aLow temperature
650 _aStiffness
650 _aVulcanized rubber
942 _cST
999 _c73691
_d73691